| 000 | 00920cab a22002055a 4500 | ||
|---|---|---|---|
| 001 | L158296 | ||
| 008 | 141128e20141125xxk 000 0 eng d | ||
| 035 | _a(Sirsi) u158296 | ||
| 041 | 0 | _aeng | |
| 110 | 2 |
_aHalifax _95942 |
|
| 245 | 0 | 0 |
_aHalifax UK Housing Market Outlook for 2015 _h[electronic resource] |
| 260 | _c2014 | ||
| 490 |
_aHalifax Press Release _v25 November 2014 |
||
| 520 | _aPredicts house price growth of between 3% and 5% in 2015. The prospect of higher mortgage interest rates and affordability issues could affect demand but prediction of strong economic growth and higher employment will help to stimulate growth. | ||
| 590 | _aKA | ||
| 651 | 4 |
_aUnited Kingdom _y |
|
| 690 |
_aResidential property _96266 |
||
| 856 | 4 | 0 |
_uhttps://www.lloydsbankinggroup.com/globalassets/halifax-uk-housing-market-outlook-for-2015-final.pdf _zView this item free of charge at www.lloydsbankinggroup.com |
| 942 | _n0 | ||
| 999 |
_c84550 _d84550 |
||